<?xml version="1.0" encoding="UTF-8"?>
<record
    xmlns:xsi="http://www.w3.org/2001/XMLSchema-instance"
    xsi:schemaLocation="http://www.loc.gov/MARC21/slim http://www.loc.gov/standards/marcxml/schema/MARC21slim.xsd"
    xmlns="http://www.loc.gov/MARC21/slim">

  <leader>01320na  a2200349   4500</leader>
  <controlfield tag="001">18142</controlfield>
  <controlfield tag="003">MIRAKIL</controlfield>
  <controlfield tag="005">20181213155144.0</controlfield>
  <controlfield tag="008">161112b        tu            000 0      </controlfield>
  <datafield tag="020" ind1=" " ind2=" ">
    <subfield code="a">99786059905152</subfield>
  </datafield>
  <datafield tag="035" ind1=" " ind2=" ">
    <subfield code="a">18142</subfield>
  </datafield>
  <datafield tag="040" ind1=" " ind2=" ">
    <subfield code="a">Milas</subfield>
    <subfield code="b">tur</subfield>
    <subfield code="c">TR-AnCHP</subfield>
  </datafield>
  <datafield tag="041" ind1=" " ind2=" ">
    <subfield code="a">tur</subfield>
  </datafield>
  <datafield tag="082" ind1=" " ind2=" ">
    <subfield code="a">CHP 923.2 &#x130;mamo&#x11F;lu, E.</subfield>
    <subfield code="b">K44e 2016</subfield>
  </datafield>
  <datafield tag="090" ind1=" " ind2=" ">
    <subfield code="a">CHP 923.2 &#x130;mamo&#x11F;lu,E. K44e 2016</subfield>
  </datafield>
  <datafield tag="100" ind1=" " ind2=" ">
    <subfield code="a">K&#x131;l&#x131;&#xE7;, &#x15E;. Emine</subfield>
  </datafield>
  <datafield tag="245" ind1=" " ind2=" ">
    <subfield code="a">Ekrem &#x130;mamo&#x11F;lu</subfield>
    <subfield code="b">Benim sevgili ba&#x15F;kan&#x131;m</subfield>
    <subfield code="b">S&#x131;rad&#x131;&#x15F;&#x131; bir ba&#x15F;ar&#x131; ve liderlik &#xF6;yk&#xFC;s&#xFC;</subfield>
    <subfield code="c">&#x15E;. Mine K&#x131;l&#x131;&#xE7;</subfield>
  </datafield>
  <datafield tag="246" ind1=" " ind2=" ">
    <subfield code="a">S&#x131;rad&#x131;&#x15F;&#x131; bir ba&#x15F;ar&#x131; ve liderlik &#xF6;yk&#xFC;s&#xFC;</subfield>
  </datafield>
  <datafield tag="246" ind1=" " ind2=" ">
    <subfield code="a">Benim sevgili ba&#x15F;kan&#x131;m</subfield>
  </datafield>
  <datafield tag="260" ind1=" " ind2=" ">
    <subfield code="a">&#x130;stanbul</subfield>
    <subfield code="b">H&#xFC;manist Kitap</subfield>
    <subfield code="c">20016</subfield>
  </datafield>
  <datafield tag="300" ind1=" " ind2=" ">
    <subfield code="a">206 s.</subfield>
    <subfield code="b">rnkl. fotg.</subfield>
    <subfield code="c">22 sm.</subfield>
  </datafield>
  <datafield tag="500" ind1=" " ind2=" ">
    <subfield code="a">Yap&#x131;t yaza&#x131;ndan imzal&#x131;d&#x131;r.</subfield>
  </datafield>
  <datafield tag="600" ind1=" " ind2=" ">
    <subfield code="a">&#x130;mamo&#x11F;lu, Ekrem</subfield>
    <subfield code="c">CHP Beylikd&#xFC;z&#xFC; Belediye Ba&#x15F;kan&#x131;</subfield>
    <subfield code="x">Siyasal ve sosyal g&#xF6;r&#xFC;&#x15F;ler</subfield>
    <subfield code="y">Ya&#x15F;am&#xF6;yk&#xFC;s&#xFC;</subfield>
  </datafield>
  <datafield tag="600" ind1=" " ind2=" ">
    <subfield code="a">&#x130;mamo&#x11F;lu, Ekrem</subfield>
    <subfield code="c">CHP Beylikd&#xFC;z&#xFC; Belediye Ba&#x15F;kan&#x131;</subfield>
    <subfield code="x">Liderlik</subfield>
  </datafield>
  <datafield tag="610" ind1=" " ind2=" ">
    <subfield code="a">CHP</subfield>
    <subfield code="x">Belediye ba&#x15F;kanlar&#x131;</subfield>
    <subfield code="y">Liderlik</subfield>
  </datafield>
  <datafield tag="610" ind1=" " ind2=" ">
    <subfield code="a">CHP</subfield>
    <subfield code="x">Yerel y&#xF6;netimler</subfield>
    <subfield code="y">Beylikd&#xFC;z&#xFC; Belediyesi</subfield>
  </datafield>
  <datafield tag="650" ind1=" " ind2=" ">
    <subfield code="a">Yerel y&#xF6;netimler</subfield>
    <subfield code="z">T&#xFC;rkiye</subfield>
  </datafield>
  <datafield tag="700" ind1=" " ind2=" ">
    <subfield code="a">K&#x131;l&#x131;&#xE7;, &#x15E;. Mine</subfield>
  </datafield>
  <datafield tag="740" ind1=" " ind2=" ">
    <subfield code="a">S&#x131;rad&#x131;&#x15F;&#x131; bir ba&#x15F;ar&#x131; ve liderlik &#xF6;yk&#xFC;s&#xFC;</subfield>
  </datafield>
  <datafield tag="740" ind1=" " ind2=" ">
    <subfield code="a">Benim sevgili ba&#x15F;kan&#x131;m</subfield>
  </datafield>
  <datafield tag="942" ind1=" " ind2=" ">
    <subfield code="2">ddc</subfield>
    <subfield code="c">BKS</subfield>
  </datafield>
  <datafield tag="952" ind1=" " ind2=" ">
    <subfield code="a">0001</subfield>
    <subfield code="b">0001</subfield>
    <subfield code="d">2016-11-12</subfield>
    <subfield code="e">2</subfield>
    <subfield code="l">0</subfield>
    <subfield code="o">CHP 923.2 &#x130;mamo&#x11F;lu,E. K44e 2016</subfield>
    <subfield code="p">009419</subfield>
    <subfield code="r">2016-11-12 00:00:00</subfield>
    <subfield code="v">0.00</subfield>
    <subfield code="w">2016-11-12</subfield>
    <subfield code="y">BKS</subfield>
  </datafield>
  <datafield tag="999" ind1=" " ind2=" ">
    <subfield code="c">7598</subfield>
    <subfield code="d">7598</subfield>
  </datafield>
</record>
